Two Infinite Sets of Primes with Fast Primality Tests

Guardado en:
Detalles Bibliográficos
Autor principal: Pintz, Janos
Otros Autores: Steiger, William L., Szemerédi, Endre
Formato: Libro
Lenguaje:inglés
Publicado: Bonn Inst. für Ökonometrie und Operations Research 1987
Edición:1. Aufl.
Colección:Report No.87484-OR
Etiquetas: Agregar Etiqueta
Sin Etiquetas, Sea el primero en etiquetar este registro!

MARC

LEADER 00000nam a2200000 4500
001 c035002
005 20221219120756.0
041 0 |a eng 
044 |a DE 
245 1 0 |a Two Infinite Sets of Primes with Fast Primality Tests  |c Janos Pintz, William L. Steiger, Endre Szemerédi 
250 |a 1. Aufl. 
264 1 |a Bonn  |b Inst. für Ökonometrie und Operations Research  |c 1987 
300 |a 9 s. 
490 1 |a Report  |v No.87484-OR 
830 0 |a Report  |v No.87484-OR 
100 1 |a Pintz, Janos 
700 1 |a Steiger, William L. 
700 1 |a Szemerédi, Endre